000 00228nam a22000977a 4500
999 _c258913
_d258912
020 _a9780132069519
245 _aStatistics
250 _a11th ed
260 _aUpper Saddle River, N.J.
_bPearson Prentice Hall,
_c2009
942 _cBK